| 000 | 03623cam a2200553 a 4500 | ||
|---|---|---|---|
| 001 | changingcontract00beng | ||
| 003 | CaSfIA | ||
| 005 | 20230525154957.0 | ||
| 007 | cr|||| | ||
| 008 | 921030s1993 nyua b 001 0 eng | ||
| 010 | _a 92039624 | ||
| 040 |
_aDLC _cDLC _dIOG _dEL$ _dBAKER _dBTCTA _dLVB _dYDXCP _dGEBAY _dCaSfIA |
||
| 020 | _a0202304590 (acid-free paper) | ||
| 020 | _a9780202304595 (acid-free paper) | ||
| 020 | _a0202304604 (pbk. : acid-free paper) | ||
| 020 | _a9780202304601 (pbk. : acid-free paper) | ||
| 035 | _a(OCoLC)27010394 | ||
| 050 | 0 | 0 |
_aHQ796 _b.C4515 1993 |
| 082 | 0 | 0 |
_a305.2 _220 |
| 245 | 0 | 4 |
_aThe Changing contract across generations / _h[electronic resource] _cVern L. Bengtson and W. Andrew Achenbaum, editors. |
| 260 |
_aNew York : _bA. de Gruyter, _cc1993. |
||
| 300 |
_axviii, 311 p. : _bill. ; _c24 cm. |
||
| 440 | 0 | _aSocial institutions and social change | |
| 504 | _aIncludes bibliographical references (p. 273-297) and index. | ||
| 505 | 0 | _aIs the "contract across generations" changing? Effects of population aging on obligations and expectations across age groups / Vern L. Bengtson -- Generational relations in historical context / W. Andrew Achenbaum -- An historical perspective on support for schooling by different age cohorts / Maris A. Vinovskis -- Economic status of the young and old in the working-age population, 1964-1987 / Richard A. Easterlin, Diane J. Macunovich, and Eileen M. Crimmins -- Of deeds and contracts : filial piety perceived in contemporary Shanghai / Judith Treas and Wei Wang -- When the contract fails : care for the elderly in noindustrial cultures / Nancy Foner -- Conflict over intergenerational equity : rhetoric and reality in a comparative context / Victor W. Marshall, Fay Lomax Cook, and Joanne Gard Marshall -- | |
| 505 | 0 | _aIntergenerational relations and welfare restructuring : the social construction of an intergenerational problem / Alan Walker -- Connections : kin and cohort / Matilda White Riley and John W. Riley, Jr. -- Intergenerational relations : gender, norms, and behavior / Alice S. Rossi -- A lifetime of privilege? Aging and generations at century's end / David W. Thomson -- Interest group politics : generational changes in the politics of aging / Fernando M. Torres-Gil -- Setting the agenda for research on cohorts and generations : theoretical, political, and policy implications / Jill Quadagno, W. Andrew Achenbaum, and Vern L. Bengtson. | |
| 650 | 0 |
_aYouth _xAttitudes _vCross-cultural studies. |
|
| 650 | 0 |
_aOlder people _xAttitudes _vCross-cultural studies. |
|
| 650 | 0 |
_aConflict of generations _vCross-cultural studies. |
|
| 650 | 4 |
_aAncianos _xActitudes _xEstudios culturales comparados. |
|
| 650 | 4 |
_aConflicto entre generaciones _xEstudios culturales comparados. |
|
| 650 | 6 |
_aJeunesse _xAttitudes _vÉtudes transculturelles. |
|
| 650 | 6 |
_aPersonnes âgées _xAttitudes _vÉtudes transculturelles. |
|
| 650 | 6 |
_aConflit de générations _vÉtudes transculturelles. |
|
| 650 | 0 | 7 |
_aGenerationskonflikt _2swd |
| 650 | 0 | 7 |
_aEinstellung _2swd |
| 650 | 0 | 7 |
_aAufsatzsammlung _2swd |
| 700 | 1 | _aBengtson, Vern L. | |
| 700 | 1 | _aAchenbaum, W. Andrew. | |
| 856 | 4 | 1 |
_uhttp://www.archive.org/details/changingcontract00beng _zFree eBook from the Internet Archive |
| 856 | 4 | 2 |
_uhttp://www.openlibrary.org/books/OL1734736M _zAdditional information and access via Open Library |
| 029 | 1 |
_aNLGGC _b100401317 |
|
| 029 | 1 |
_aNZ1 _b4543101 |
|
| 029 | 1 |
_aAU@ _b000009606155 |
|
| 029 | 1 |
_aUNITY _b114104271 |
|
| 029 | 1 |
_aUKLBR _b0202304604 |
|
| 029 | 1 |
_aHEBIS _b110443217 |
|
| 029 | 1 |
_aGEBAY _b2056563 |
|
| 999 |
_c20708 _d20708 |
||